Le livre des songes /

محفوظ في:

المؤلف الرئيسي: Artemidorus, Daldianus (مؤلف)

مؤلفون آخرون: Ḥunayn ibn Isḥāq al-ʻIbādī, 809?-873, Fahd, T.

التنسيق: كتاب

اللغة: French
Ancient Greek
Arabic

منشور في: Damas : Institut fran̨cais de Damas, 1964.

الموضوعات:

الوسوم: إضافة وسم

لا توجد وسوم, كن أول من يضع وسما على هذه التسجيلة!

رقم الطلب: BF1080 .A58 1964

LEADER 01129nam a2200337I 4500
001 5017
003 OSt
005 20250916121700.0
008 130303s1964 sy h b 000 0 fre d
010 |a ne 65001916 
035 |a ocm08481421 
040 |c ARCE Library 
041 1 |a fre  |h grc  |h ara 
050 4 |a BF1080 .A58 1964 
100 0 |a Artemidorus,  |c Daldianus,  |e author 
240 1 0 |a Oneirocritica.  |l French  
245 1 3 |a Le livre des songes /  |c [par] Artémidore d'Éphèse ; Traduit du grec en arabe, par Hunayn B. Isḥāq ; Éd. critique avec introd. par Toufic Fahd. 
246 3 1 |a Taʻbīr al-ru̓yā. 
264 1 |a Damas :  |b Institut fran̨cais de Damas,  |c 1964. 
300 |a xxvi, 444 pages :   |b facsims. ;   |c 25 cm. 
500 |a "Errata" : 4 pages inserted. 
500 |a Added title pages [in Arabic] 
500 |a Translation of : Oneirocritica. 
504 |a Bibliographical footnotes. 
650 0 |a Dreams. 
700 0 |a Ḥunayn ibn Isḥāq al-ʻIbādī,  |d 809?-873  |9 32392 
700 1 |a Fahd, T.   |q (Toufic). 
740 0 |a Taʻbīr al-ru̓yā. 
901 |a reviewed 
942 |c BK  |2 lcc 
999 |c 5407  |d 5407